000 004300000a22001690004500
003 MACL
005 20160112135708.0
008 160112b xxu||||| |||| 00| 0 eng d
040 _aMACL
_cMACL
041 _aEnglish
082 _a928/SAH
100 _aTagore, Rabindranath
_91823
245 _aA Centenary Vol. 1861-1961
260 _bSahitya Akademi
_c1961
_aNew Delhi
650 _aBiography
_931346
942 _cBK
_k928/Sah
_2ddc
999 _c36147
_d36147